000 01932nam2a2200349 4500
001 RU\NLR\BIBL_A\011792220
005 20181011111005.0
010 _a978-5-9208-0553-9
_9300
021 _aRU
_bКН-П-18-058739
_9КН-П-18-4230
035 _a(NLR Aleph) 011792220
090 _a11828459
_c11828459
100 _a20180906d2018 k y0rusy50 ca
101 0 _arus
_axal
_abua
_amon
_deng
_erus
_eeng
102 _aRU
105 _aac||z|||000zy
200 1 _aПословицы и поговорки
_dProverbs and sayings
_eна калмыцком, бурятском, монгольском языках
_f[сост.: А. Алимаа и др.]
_zeng
210 _d2018
215 _a628 с.
_cил., портр.
300 _aРез. англ.
320 _aБиблиогр. в конце разд.
461 0 _1001RU\NLR\BIBL_A\011105529
_12001#$aПамятники фольклора монгольских народов$dFolklore heritage of Mongolian peoples$e[в 10-ти т.]$fФГБОУ Калмыц. гос. ун-т [и др.$gсост.: Николай Цеденович Биткеев, д.филол.н., проф., засл. деят. науки Респ. Калмыкия]$zeng$vТ. 8
_911444672
_cМосква
_d2015
_fФГБОУ Калмыц. гос. ун-т [и др.
_lFolklore heritage of Mongolian peoples
_nИМЛИ РАН
_o[в 10-ти т.]
_tПамятники фольклора монгольских народов
_y9785920804747
_vТ. 8
510 1 _aProverbs and sayings
_zeng
606 1 _aПословицы и поговорки монгольских народов
_92382237
_3RU\NLR\AUTH\6601642137
686 1 _aШ3(0)964-651.0
702 1 _aАлимаа
_bА.
_4220
852 _aNLR
_bОНЛ
_jКалм./3-706
942 _cBOOK
980 _aNBR
980 _aNB